[Event "Bialystok Zamenhof Memorial 43rd"]
[Site "Bialystok"]
[Date "2024.12.29"]
[Round "6"]
[White "Klimkowski, Jan"]
[Black "Malek, Jan"]
[Result "1/2-1/2"]
[WhiteElo "2504"]
[BlackElo "2498"]
[PlyCount "49"]
[EventDate "2024.12.27"]
[EventType "swiss"]
[EventRounds "9"]
[EventCountry "POL"]
[SourceTitle "CB02_2025"]
[SourceDate "2025.01.08"]
[SourceVersion "1"]
[SourceVersionDate "2025.01.08"]
[SourceQuality "1"]

1. e4 c5 2. Nf3 d6 3. d4 cxd4 4. Nxd4 Nf6 5. Nc3 a6 6. h3 e5 7. Nb3 Be7 8. g4 h6 9. Be3 b5 10. Nd5 Bb7 11. Bb6 Qc8 12. Nc7+ Kf8 13. f3 Nbd7 14. Nxa8 Bxa8 15. Bf2 d5 16. Bg2 dxe4 17. 0-0 h5 18. g5 Nd5 19. fxe4 Nf4 20. h4 Nxg2 21. Kxg2 f5 22. Kh2 Bxe4 23. Bg3 g6 24. Qd2 Kf7 25. Rae1 1/2-1/2

[Event "Singapore op"]
[Site "Singapore"]
[Date "2024.12.04"]
[Round "8"]
[White "Klimkowski, Jan"]
[Black "Indjic, Aleksandar"]
[Result "1/2-1/2"]
[WhiteElo "2495"]
[BlackElo "2623"]
[PlyCount "107"]
[EventDate "2024.11.29"]
[EventType "swiss"]
[EventRounds "9"]
[EventCountry "SIN"]
[SourceTitle "CB50_2024"]
[SourceDate "2024.11.01"]
[SourceVersion "1"]
[SourceVersionDate "2024.11.01"]
[SourceQuality "2"]

1. e4 c5 2. Nf3 d6 3. d4 cxd4 4. Nxd4 Nf6 5. Nc3 a6 6. h3 e6 7. g4 b5 8. g5 Nfd7 9. a3 Bb7 10. Be3 Be7 11. h4 Nc6 12. Qd2 0-0 13. 0-0-0 Nc5 14. Nxc6 Bxc6 15. f3 Qb8 16. b4 Nd7 17. h5 a5 18. h6 g6 19. Qd4 f6 20. Bh3 e5 21. Be6+ Kh8 22. Qd2 axb4 23. axb4 Nb6 24. Bxb6 Qxb6 25. Kb2 fxg5 26. Nd5 Bxd5 27. Bxd5 Ra7 28. Qd3 Rc7 29. Rh2 Qd4+ 30. c3 Qb6 31. Ra1 Rb8 32. Bb3 Qc6 33. Bd5 Qd7 34. Bb3 Qc6 35. Bd5 Qe8 36. Ra5 Qd7 37. Bb3 Rcc8 38. Bd5 Rf8 39. Qe3 Rfc8 40. Qd3 Bd8 41. Ra6 Bb6 42. Ba2 Rd8 43. Qd5 Qe7 44. Rd2 Qf8 45. Qf7 Qxf7 46. Bxf7 Bc7 47. Be6 Re8 48. Bg4 Kg8 49. Kb3 Kf8 50. c4 bxc4+ 51. Kxc4 Rb7 52. Bd7 Re7 53. Ra8+ Rb8 54. Rxb8+ 1/2-1/2

[Event "Wch U18"]
[Site "Florianopolis"]
[Date "2024.10.31"]
[Round "3"]
[White "Klimkowski, Jan"]
[Black "Campos Gomez, Manuel"]
[Result "1-0"]
[WhiteElo "2477"]
[BlackElo "2293"]
[PlyCount "101"]
[EventDate "2024.10.29"]
[EventType "swiss"]
[EventRounds "11"]
[EventCountry "BRA"]
[SourceTitle "CB45_2024"]
[Source "ChessBase"]
[SourceDate "2024.11.06"]
[SourceVersion "1"]
[SourceVersionDate "2024.11.06"]
[SourceQuality "1"]

1. e4 c5 2. Nf3 d6 3. d4 cxd4 4. Nxd4 Nf6 5. Nc3 Nc6 6. Bg5 e6 7. Qd2 a6 8. 0-0-0 Bd7 9. f4 Be7 10. Nf3 b5 11. Bxf6 gxf6 12. f5 Qa5 13. Kb1 b4 14. Ne2 Qc5 15. Nf4 a5 16. g3 a4 17. fxe6 fxe6 18. Bh3 Qc4 19. Rhe1 b3 20. cxb3 axb3 21. a3 Qc2+ 22. Qxc2 bxc2+ 23. Kxc2 Kf7 24. Nd5 Rhd8 25. Nxe7 Kxe7 26. Re3 Be8 27. Nd4 Nxd4+ 28. Rxd4 Rdc8+ 29. Rc3 Bg6 30. Bg2 e5 31. Rb4 d5 32. Rxc8 Rxc8+ 33. Kd2 Kd6 34. Rb6+ Ke7 35. Bh3 Rd8 36. exd5 Rxd5+ 37. Ke2 Rc5 38. Rb7+ Kd6 39. Rd7+ Kc6 40. Rd2 Rc1 41. Bg2+ Kc7 42. Bd5 Ra1 43. Ke3 Re1+ 44. Kf2 Ra1 45. Bf3 Rc1 46. Bd1 Kc6 47. Ke3 Kc5 48. Be2 Kc6 49. h4 h6 50. Rd8 Kc7 51. Rh8 1-0

[Event "POL-chT Ekstraliga"]
[Site "Walbrzych"]
[Date "2024.10.15"]
[Round "9.22"]
[White "Sendera, Jaroslaw"]
[Black "Klimkowski, Jan"]
[Result "0-1"]
[WhiteElo "2219"]
[BlackElo "2477"]
[PlyCount "110"]
[EventDate "2024.10.07"]
[EventType "team-tourn"]
[EventRounds "9"]
[EventCountry "POL"]
[SourceTitle "CB42_2024"]
[Source "ChessBase"]
[SourceDate "2024.10.16"]
[SourceVersion "1"]
[SourceVersionDate "2024.10.16"]
[SourceQuality "1"]
[WhiteTeam "Sedziszow Malopolski"]
[BlackTeam "Katowice Wasko"]
[WhiteTeamCountry "POL"]
[BlackTeamCountry "POL"]

1. e4 e5 2. Nf3 Nc6 3. Bb5 a6 4. Ba4 Nf6 5. d3 d6 6. c3 g6 7. 0-0 Bg7 8. Re1 0-0 9. Nbd2 h6 10. Nf1 Re8 11. Ng3 b5 12. Bb3 Na5 13. Bc2 c5 14. a4 b4 15. cxb4 cxb4 16. d4 Bg4 17. d5 Rc8 18. Bd3 Bxf3 19. Qxf3 Nb3 20. Rb1 Nd4 21. Qd1 Qa5 22. Ne2 Nd7 23. Nxd4 exd4 24. Bf4 Bf8 25. h3 Nc5 26. Re2 b3 27. Ra1 Qb4 28. a5 Rc7 29. Bd2 Qb7 30. Bf4 Qb4 31. Bd2 Qb8 32. Bf4 Rce7 33. f3 Bg7 34. Qd2 g5 35. Bg3 f5 36. exf5 Re3 37. Bc4 Qd8 38. Bf2 Qf6 39. Rae1 Rxe2 40. Rxe2 Rxe2 41. Qxe2 Qxf5 42. Bxa6 Nxa6 43. Qxa6 d3 44. Be3 Qxd5 45. Qc8+ Kh7 46. a6 Qa5 47. a7 d2 48. a8Q d1Q+ 49. Kh2 Qxa8 50. Qxa8 Qd3 51. Qa7 Kg6 52. g4 Bxb2 53. Qe7 Bg7 54. h4 b2 55. hxg5 b1Q 0-1

[Event "POL-chT Ekstraliga"]
[Site "Walbrzych"]
[Date "2024.10.12"]
[Round "6.10"]
[White "Klimkowski, Jan"]
[Black "Moranda, Wojciech"]
[Result "1/2-1/2"]
[WhiteElo "2477"]
[BlackElo "2559"]
[PlyCount "69"]
[EventDate "2024.10.07"]
[EventType "team-tourn"]
[EventRounds "9"]
[EventCountry "POL"]
[SourceTitle "CB42_2024"]
[Source "ChessBase"]
[SourceDate "2024.10.16"]
[SourceVersion "1"]
[SourceVersionDate "2024.10.16"]
[SourceQuality "1"]
[WhiteTeam "Katowice Wasko"]
[BlackTeam "Pegow Wieza"]
[WhiteTeamCountry "POL"]
[BlackTeamCountry "POL"]

1. e4 c5 2. Nf3 d6 3. d4 cxd4 4. Nxd4 Nf6 5. Nc3 a6 6. h3 e6 7. g4 d5 8. exd5 Nxd5 9. Nde2 h5 10. Nxd5 exd5 11. gxh5 Bc5 12. Nf4 Nc6 13. Bg2 Qe7+ 14. Kf1 Be6 15. Nxd5 Qh4 16. Be3 Bxe3 17. Nxe3 Rxh5 18. Qe1 Kf8 19. Rd1 Re8 20. Qc3 Kg8 21. b3 Bf5 22. Rd5 Bg6 23. Rxh5 Qxh5 24. Rg1 Rd8 25. Bxc6 bxc6 26. Qxc6 Qxh3+ 27. Ke1 Qh5 28. Qb6 Qh4 29. Qxa6 Re8 30. Rg3 Qh1+ 31. Qf1 Qc6 32. Qc4 Qh1+ 33. Qf1 Qc6 34. Qc4 Qh1+ 35. Qf1 1/2-1/2